|
|
|
|
| LEADER |
01798nam a2200433 i 4500 |
| 001 |
EBC3002646 |
| 003 |
MiAaPQ |
| 005 |
20200520144314.0 |
| 006 |
m o d | |
| 007 |
cr cnu|||||||| |
| 008 |
120509t20122012wiua o 001 0 eng|d |
| 020 |
|
|
|z 9780873898423 (alk. paper)
|
| 020 |
|
|
|a 9780873898423
|q (electronic bk.)
|
| 035 |
|
|
|a (MiAaPQ)EBC3002646
|
| 035 |
|
|
|a (Au-PeEL)EBL3002646
|
| 035 |
|
|
|a (CaPaEBR)ebr10929611
|
| 035 |
|
|
|a (OCoLC)893681509
|
| 040 |
|
|
|a MiAaPQ
|b eng
|e rda
|e pn
|c MiAaPQ
|d MiAaPQ
|
| 050 |
|
4 |
|a TS175
|b .P56 2012
|
| 082 |
0 |
|
|a 363.19
|2 23
|
| 100 |
1 |
|
|a Pine, Timothy A.,
|d 1949-
|e author.
|
| 245 |
1 |
0 |
|a Product safety excellence :
|b the seven elements essential for product liability prevention /
|c Timothy A. Pine.
|
| 264 |
|
1 |
|a Milwaukee, Wisconsin :
|b ASQ Quality Press,
|c [2012]
|
| 264 |
|
4 |
|c 2012
|
| 300 |
|
|
|a 1 online resource (135 pages) :
|b illustrations
|
| 336 |
|
|
|a text
|2 rdacontent
|
| 337 |
|
|
|a computer
|2 rdamedia
|
| 338 |
|
|
|a online resource
|2 rdacarrier
|
| 500 |
|
|
|a Includes index.
|
| 588 |
|
|
|a Description based on print version record.
|
| 590 |
|
|
|a Electronic reproduction. Ann Arbor, MI : ProQuest, 2015. Available via World Wide Web. Access may be limited to ProQuest affiliated libraries.
|
| 650 |
|
0 |
|a Product safety.
|
| 650 |
|
0 |
|a Product design.
|
| 650 |
|
0 |
|a Consumer protection.
|
| 650 |
|
0 |
|a Products liability.
|
| 655 |
|
4 |
|a Electronic books.
|
| 776 |
0 |
8 |
|i Print version:
|a Pine, Timothy A.
|t Product safety excellence : the seven elements essential for product liability prevention.
|d Milwaukee, Wisconsin : ASQ Quality Press, [2012]
|h xvi, 113 pages ; 24 cm
|z 9780873898423
|w (DLC)10929611
|
| 797 |
2 |
|
|a ProQuest (Firm)
|
| 856 |
4 |
0 |
|u https://ebookcentral.proquest.com/lib/matrademy/detail.action?docID=3002646
|z Click to View
|